Burgen, Vermittlung und Vermarktung
| Titel: | Burgen, Vermittlung und Vermarktung : Beiträge der Tagung in Bad Dürkheim, 6. bis 8. Oktober 2011 / hrsg. vom Marburger Arbeitskreis für Europäische Burgenforschung e.V. [Red.: Heiko Laß...] |
|---|---|
| Beteiligt: | |
| Körperschaft: | |
| Veröffentlicht: | Marburg : Verlag des Marburger Arbeitskreises für Europ. Burgenforschung, 2013 |
| Umfang: | 347 Seiten : Illustrationen, Karten |
| Format: | Buch |
| Sprache: | Deutsch |
| Schriftenreihe/ mehrbändiges Werk: |
Burgenforschung. europäisches Correspondenzblatt für interdisziplinäre Castellologie ; 2 |
| ISBN: | 9783980755856 |
| Hinweise zum Inhalt: |
Inhaltsverzeichnis
|
alg: 33810818 001A $00004:24-03-14 001B $01999:23-04-24 $t11:57:06.000 001D $00004:24-03-14 001U $0utf8 001X $00 002@ $0Aau 002C $aText $btxt $2rdacontent 002D $aohne Hilfsmittel zu benutzen $bn $2rdamedia 002E $aBand $bnc $2rdacarrier 003@ $0338108181 003O $0880420863 $aOCoLC 004A $A978-3-9807558-5-6 006G $01049222857 006H $0TOCNEUA1414 $2DNB 006U $014,B23 $f20140325 007A $0338108181 $aHEB 007T $0Herdz21628m+2013 009P $qapplication/pdf $A2 $3Inhaltsverzeichnis $uhttp://d-nb.info/1049222857/04 $mB:DE-101 010@ $ager 011@ $a2013 013D $RWissenschaftliche Literatur $RAufsatzsammlung $71071861417 $8Konferenzschrift [Ts1] $9359646190 $y2011 $zBad Dürkheim 021A $aBurgen, Vermittlung und Vermarktung $dBeiträge der Tagung in Bad Dürkheim, 6. bis 8. Oktober 2011 $hhrsg. vom Marburger Arbeitskreis für Europäische Burgenforschung e.V. [Red.: Heiko Laß...] 028C $BHerausgeber $4edt $7120889625 $8Laß, Heiko$Z1968- [Tp1] $9152393765 029A $RMarburger Burgen-Arbeitskreis $#Arbeitskreis für Europäische Burgenforschung Marburg $#Marburger Arbeitskreis für Europäische Burgenforschung e.V. $#Marburger Arbeitskreis für europäische Burgenforschung e.V. $#MAB $#M.A.B. $76505125-7 $8Marburger Arbeitskreis für Europäische Burgenforschung [Tb1] $912861918X 033A $pMarburg $nVerlag des Marburger Arbeitskreises für Europ. Burgenforschung 034D $a347 Seiten 034M $aIllustrationen, Karten 036E $aBurgenforschung. europäisches Correspondenzblatt für interdisziplinäre Castellologie $l2 036F $x12 $8Burgenforschung $9228744547 $l2 037A $aLiteraturangaben 044K $RBefestigung $RAdelshaus $RResidenz $RBurgenkunde $#Castles $#Châteaux forts $#Burgen $74009104-1 $8Burg [Ts1] $9085017191 045E $c720 $c620 $c910 045F $a728.81 $eDDC22ger 045F/01 $a728.81 046X $aArchivierung/Langzeitarchivierung gewährleistet $5DE-34 $fPEHE lok: 33810818 23 exp: 33810818 23 1 #EPN 201B/01 $013-01-25 $t13:29:07.000 201C/01 $007-08-14 201U/01 $0utf8 203@/01 $0737892161 206@/01 $a35 Hass 2014 A 1561 $di $f030 $h2014 A 1561 208@/01 $a07-08-14 $bz 209A/01 $a35 Hass 2014 A 1561 $df $f030 $h2014 A 1561 $x00 209B/01 $aPflichtbestand $x05 209G/01 $a26973775 $x00 209G/01 $aMagazin $x01 237A/01 $aWegen Bautätigkeit vorübergehend nicht benutzbar 247C/01 $8352030-4 <34/30>Kassel, UB Kassel, Standort Brüder-Grimm-Platz, Landesbibliothek und Murhardsche Bibliothek der Stadt Kassel $9102599475 lok: 33810818 61 exp: 33810818 61 1 #EPN 201B/01 $005-06-14 $t22:40:47.000 203@/01 $0732824753 208@/01 $a05-06-14 $bdo 201U/01 $0utf8 lok: 33810818 78 exp: 33810818 78 1 #EPN 201B/01 $019-04-17 $t14:02:33.000 201U/01 $0utf8 203@/01 $0790815753 208@/01 $a12-11-16 $be 209A/01 $a/ $f000 $x00 220C/01 $aTitelaufnehmer: pg 220C/01 $aHerkunft: HI Marburg 237A/01 $aBeiträge der Tagung in Bad Dürkheim, 6.-8. Oktober 2011 244Z/01 $2Trx $#ajakirjad üldine $#žurnalai bendras $#journals $#folyóíratok általános $#czasopisma ogólnie $#časopisy všeobecne $#časopisy všeobecně $#Presse $#tlač $8--Trx--Zeitschriften$gallgemein $x01 $9391361228 245Z/01 $a01.02 $x01 247C/01 $82080>Marburg/Lahn, Herder-Institut, Forschungsbibliothek, Bibliographieportal $9336309341 lok: 33810818 205 exp: 33810818 205 1 #EPN 201B/01 $028-04-20 $t11:52:11.000 201C/01 $024-03-14 201U/01 $0utf8 203@/01 $0729575756 208@/01 $a24-03-14 $bz 209A/01 $aE VI 827 a -2- $db $f038 $x00 209B/01 $a80 $x05 209C/01 $aD 10k 2014/00250 209C/01 $anel1403t 209G/01 $a67679644 $x00 247C/01 $8351038-4 <4/038>Marburg, Universität Marburg, Bibliothek Kunst und Kulturwissenschaften, Kunstgeschichte $9102594775 exp: 33810818 205 2 #EPN 201B/02 $016-04-14 $t15:07:15.000 201C/02 $003-04-14 201U/02 $0utf8 203@/02 $073017736X 208@/02 $a16-04-14 $bz 209A/02 $aAZ 21.255, 2 $ds $f408 $x00 209B/02 $a80 $x05 209C/02 $aL 2014/71 247C/02 $8351408-0 <4/408>Marburg, Universität Marburg, Bibliothek des Hessischen Instituts für Landesgeschichte $9221689648
| LEADER | 00000cam a2200000 c 4500 | ||
|---|---|---|---|
| 001 | 338108181 | ||
| 003 | DE-603 | ||
| 005 | 20240423115706.0 | ||
| 007 | tu | ||
| 008 | 140324s2013 xx |||| | u10||u|ger | ||
| 015 | |a 14,B23 |2 dnb | ||
| 016 | 7 | |2 DE-101 |a 1049222857 | |
| 020 | |a 9783980755856 | ||
| 035 | |a (DE-599)HEB338108181 | ||
| 035 | |a (OCoLC)880420863 | ||
| 040 | |a DE-603 |b ger |c DE-603 |d DE-603 | ||
| 041 | |a ger | ||
| 082 | 0 | 4 | |8 1\u |a 728.81 |q DE-101 |2 22/ger |
| 084 | |a 720 |a 620 |a 910 |q DE-101 |2 sdnb | ||
| 085 | |8 1\u |b 728.81 | ||
| 110 | 2 | |a Marburger Arbeitskreis für Europäische Burgenforschung |0 (DE-603)12861918X |0 (DE-588)6505125-7 |2 gnd | |
| 245 | 0 | 0 | |a Burgen, Vermittlung und Vermarktung |b Beiträge der Tagung in Bad Dürkheim, 6. bis 8. Oktober 2011 |c hrsg. vom Marburger Arbeitskreis für Europäische Burgenforschung e.V. [Red.: Heiko Laß...] |
| 264 | 1 | |a Marburg |b Verlag des Marburger Arbeitskreises für Europ. Burgenforschung |c 2013 | |
| 300 | |a 347 Seiten |b Illustrationen, Karten | ||
| 336 | |a Text |b txt |2 rdacontent | ||
| 337 | |a ohne Hilfsmittel zu benutzen |b n |2 rdamedia | ||
| 338 | |a Band |b nc |2 rdacarrier | ||
| 490 | 1 | |a Burgenforschung. europäisches Correspondenzblatt für interdisziplinäre Castellologie |v 2 | |
| 500 | |a Literaturangaben | ||
| 650 | 7 | |a Burg |0 (DE-588)4009104-1 |0 (DE-603)085017191 |2 gnd | |
| 655 | 7 | |a Konferenzschrift |y 2011 |z Bad Dürkheim |2 gnd-content |0 (DE-588)1071861417 |0 (DE-603)359646190 | |
| 700 | 1 | |a Laß, Heiko |d 1968- |e Herausgeber |4 edt |0 (DE-603)152393765 |0 (DE-588)120889625 |2 gnd | |
| 830 | 0 | |t Burgenforschung |v 2 |w (DE-603)228744547 |w (DE-600)2581716-4 |9 12 |7 as | |
| 856 | 4 | 2 | |m B:DE-101 |q application/pdf |u http://d-nb.info/1049222857/04 |3 Inhaltsverzeichnis |
| 924 | 0 | |9 34/30 |a (DE-603)737892161 |b DE-34-30 |c HES |d b |g 35 Hass 2014 A 1561 |h Magazin | |
| 924 | 0 | |9 603 |a (DE-603)732824753 |b DE-603 |c HES |d d | |
| 924 | 0 | |9 2080 |a (DE-603)790815753 |b DE-2080 |c HES |d d |g / | |
| 924 | 0 | |9 4/038 |a (DE-603)729575756 |b DE-4-038 |c HES |d d |g E VI 827 a -2- | |
| 924 | 0 | |9 4/408 |a (DE-603)73017736X |b DE-4-408 |c HES |d d |g AZ 21.255, 2 | |


